000 00764nam a22002057a 4500
999 _c15734
_d15734
003 OSt
005 20201112150612.0
008 181213b ||||| |||| 00| 0 eng d
022 _a0730-3084
040 _c0
082 _aDPer 613.705 J863 Sept 2015-Apr 2016 v. 86-87
100 _a Chepko, Stevie
_933108
245 _aImplementing the new national standards and grade-level outcomes:
_bteaching for skill mastery/
_cStevie Chepko and Robert Doan.
260 _aPhiladelphia:
_bShape America-Society of Health and Physical Educators,
_c©Sept 2015-Apr 2016.
300 _av86, n7, pages 9-13:
_billustrations;
_c28 cm.
500 _aJOPERD
650 _aPhysical education
_v
_933110
_xTeaching.
700 _aDoan, Robert
_eAuthor.
_942554
942 _2ddc
_cPER